El Federalismo Electoral en Mx̌ico

Detalles Bibliográficos
Autor principal: Peschard, Jacqueline
Formato: eBook
Lenguaje:español
Publicado: Ciudad de Mx̌ico: Cm̀ara de Diputados, 2008
Materias:
Acceso en línea:Acceso restringido

MARC

LEADER 00000nam a22000007a 4500
005 2017121101101.0
007 cr|||| ||||
008 171211s2008 mx |||||s|||| 00||0 spa d
020 |a 978-970-819-103-6 
035 |a 20830 
040 |a vLex 
090 |c 7279  |d 7279 
100 1 |a Peschard, Jacqueline 
245 1 3 |a El Federalismo Electoral en Mx̌ico  |h [Recurso electrn̤ico]  |c Jacqueline Peschard 
256 |a Servicio en ln̕ea 
260 |a Ciudad de Mx̌ico:  |b Cm̀ara de Diputados,  |c 2008 
300 |a 1 recurso electrn̤ico 
506 1 |a Disponible solo en los productos indicados  |d vLex Global  |d vLex Global (Academic Edition, excluding Law Schools)  |d vLex Global (U.S. Academic Edition, Law Schools)  |d vLex Global (U.S. Academic Edition, excluding Law Schools)  |d vLex Global (Academic Edition, Law Schools) 
650 0 4 |a Rǧimen Electoral  |z Mx̌ico 
740 0 |a vLex Libros (Servicio en ln̕ea) 
856 4 0 |u http://vlex.com/source/federalismo-electoral-mexico-20830  |z Acceso restringido 
942 |c BOOK 
999 0 |a Electoral Procedure